000 00650nam a2200193Ia 4500
003 GCL
008 140319s9999 xx 000 0 ara d
040 _aGCL /
_cGCL
082 0 4 _a811.008036
_bى ن
100 1 _aيحيى عبد الامير شامى
245 1 0 _aالنجوم فى الشعر العربى القديم حتى اواخر العصر الاموى /
_cيحيى عبد الامير شامى
260 _a[S.N] :
_bدار الافاق الجديدة ،
_c1982
300 _a343 ص
490 _a
650 0 4 _aالشعر العربى
650 0 4 _aالادب العربى
650 0 4 _aالشعر الوصفى
942 _2ddc
_cBK
999 _c54493
_d54493